Państwa i ich stolice, w których występują surykatki - Statystyki

Ogólne statystyki
  • Ten quiz został rozwiązany 9 razy
  • Średni wynik to 9 z 10
Statystyki odpowiedzi
% Poprawnych
Angola
100%
Botswana
100%
Kapsztad | Pretoria | Bloemfontein
100%
Lesotho
100%
Republika Południowej Afryki
100%
Gaborone
88%
Luanda
88%
Namibia
88%
Maseru
75%
Windhuk
75%
Nie znaleziono quizów pasujących do podanych kryteriów
Rozkład punktacji
Procent ludzi z każdym wynikiem
Percentyl według liczby udzielonych odpowiedzi
Twoja historia wyników
Nie rozwiązałeś tego quizu